000 00841nam a2200265 i 4500
001 C2-0334619
003 PPAK
005 20200601145917.0
008 151111s2014 my a|||e ||||| | may d
020 _a9789831244654
_cRM10.00
_qpaperback
040 _aPPAK
_beng
_cPPAK
_erda
082 0 4 _a158.1
_223
090 0 0 _a158.1
_bHMT
_dG
100 0 _aH. M. Tuah Iskandar,
_cDr.,
_d1960-
_eauthor.
245 1 0 _aJom MENGETOP /
_cDR. HM TUAH ISKANDAR al-Haj ; Editor Rosdi Safian
264 1 _aShah Alam, Selangor :
_bAlaf 21 ,
_c2014
300 _a245 pages :
_billustrations ;
_c19 cm
336 _2rdacontent
_atext
337 _2rdamedia
_aunmediated
338 _2rdacarrier
_avolume
650 1 0 _aSelf-actualization (Psychology)
650 2 0 _aSuccess
_xPsychological aspects
700 0 _aRosdi Safian,
_eeditor.
942 _cB
_2ddc
999 _c133076
_d133076